000 00521nam a22002177a 4500
003 UA-OsUOA
001 42899
007 ta
008 20090331b un ||||| |||| 00| 0 ukr d
100 _aДанько М.
090 _a09-94(47+57)
_bД19
942 _cBR
040 _aUA-OsUOA
_bukr
_cUA-OsUOA
_dUA-OsUOA
245 _aСССР: В'язниця Народів
300 _a37 с.
955 _a4
041 _aukr
080 _a09-94(47+57)
650 7 _a0 Загальний відділ.
_2UDC
999 _c441373
_d441373